| 000 | 00475cam a22001697a 4500 | ||
|---|---|---|---|
| 008 | 180718b1997 xxu||||| |||| 00| 0 eng d | ||
| 020 | _a0195641795 | ||
| 082 | _aB142 T329 | ||
| 245 |
_aEmbodiment: essays on gender and identity _cedited by Mennakshi Thapan |
||
| 260 |
_aDelhi _bOxford University Press _c1997 |
||
| 300 | _a340p. | ||
| 440 | _aGender studies | ||
| 650 | _aWomen. | ||
| 650 | _aFeminist ethics | ||
| 650 | _aGender identity | ||
| 700 | _aThapan, Meenakshi | ||
| 999 |
_c382453 _d382453 |
||